Doing Qualitative Research: A practical Handbook, 2/e (Record no. 247684)
[ view plain ]
| 000 -LEADER | |
|---|---|
| fixed length control field | 00317 a2200133 4500 |
| 001 - CONTROL NUMBER | |
| control field | 12611 |
| 082 ## - DEWEY DECIMAL CLASSIFICATION NUMBER | |
| Classification number | 300.7221 SIL |
| 090 ## - LOCALLY ASSIGNED LC-TYPE CALL NUMBER (OCLC); LOCAL CALL NUMBER (RLIN) | |
| -- | 9623 |
| -- | 9623 |
| 100 ## - MAIN ENTRY--PERSONAL NAME | |
| Personal name | Silverman,D |
| 245 ## - TITLE STATEMENT | |
| Title | Doing Qualitative Research: A practical Handbook, 2/e |
| 250 ## - EDITION STATEMENT | |
| Edition statement | 2 |
| 260 ## - PUBLICATION, DISTRIBUTION, ETC. | |
| Place of publication, distribution, etc. | LONDON |
| Name of publisher, distributor, etc. | Sage |
| Date of publication, distribution, etc. | 2005 |
| 300 ## - PHYSICAL DESCRIPTION | |
| Extent | xv, 395 p. |
| 942 ## - ADDED ENTRY ELEMENTS (KOHA) | |
| Institution code [OBSOLETE] | NUST-CAE |
| Call number prefix | 300.7221 SIL |
| Withdrawn status | Lost status | Damaged status | Not for loan | Collection code | Permanent Location | Current Location | Date acquired | Total Checkouts | Full call number | Barcode | Date last seen | Price effective from | Koha item type |
|---|---|---|---|---|---|---|---|---|---|---|---|---|---|
| College of Aeronautical Engineering (CAE) | College of Aeronautical Engineering (CAE) | 04/03/2017 | 300.7221 SIL | CAEN-3632 | 04/05/2017 | 04/05/2017 | Book |
